MARC details
| 000 -LEADER |
| fixed length control field |
02508nam a22004337a 4500 |
| 003 - CONTROL NUMBER IDENTIFIER |
| control field |
dpl |
| 005 - DATE AND TIME OF LATEST TRANSACTION |
| control field |
2008090303483.0 |
| 007 - PHYSICAL DESCRIPTION FIXED FIELD--GENERAL INFORMATION |
| fixed length control field |
DVD |
| 008 - FIXED-LENGTH DATA ELEMENTS--GENERAL INFORMATION |
| fixed length control field |
050907s2005 cau105 g 00| 0 eng d |
| 010 ## - LIBRARY OF CONGRESS CONTROL NUMBER |
| LC control number |
DVD-000236-238 |
| 024 ## - OTHER STANDARD IDENTIFIER |
| Standard number or code |
OOLO1 |
| 035 ## - SYSTEM CONTROL NUMBER |
| System control number |
DVD-000236-238 |
| 040 ## - CATALOGING SOURCE |
| Original cataloging agency |
DPL |
| Transcribing agency |
DPL |
| 092 ## - LOCALLY ASSIGNED DEWEY CALL NUMBER (OCLC) |
| Classification number |
DVD / FLIG |
| 245 ## - TITLE STATEMENT |
| Title |
Flightplan |
| Medium |
[Video-recording/DVD] / |
| Statement of responsibility, etc |
Touchstone Pictures and Imagine Entertainment Presents, A Brian Grazer Production |
| 260 ## - PUBLICATION, DISTRIBUTION, ETC. (IMPRINT) |
| Place of publication, distribution, etc |
Beverly Hills, CA : |
| Name of publisher, distributor, etc |
20th Century Fox Home Entertainment; |
| Place of publication, distribution, etc |
[Boston, MA] : |
| Name of publisher, distributor, etc |
Excel Productions Audio Visual Pvt. Ltd |
| Date of publication, distribution, etc |
c2005. |
| 300 ## - PHYSICAL DESCRIPTION |
| Extent |
[1 videodisc DVD] (98 Min.) |
| Other physical details |
sd., col. ; |
| Dimensions |
4-3/4 in. |
| 500 ## - GENERAL NOTE |
| General note |
The In-Flight Movie: The Making of Flightplan |
| 500 ## - GENERAL NOTE |
| General note |
Cabin Pressure: Designing The Aalto E-474 |
| 500 ## - GENERAL NOTE |
| General note |
Distributor in India Excel Production Audiovisuals Pvt. Ltd. Mumbai |
| 520 ## - SUMMARY, ETC. |
| Summary, etc |
After exposure to cosmic radiation, four astronauts become the most remarkable, if not most dysfunctional, superheroes of all time. Reed Richards is the leader of the group and gains the ability to stretch all parts of his body, he takes the name Mr. Fant |
| 521 ## - TARGET AUDIENCE NOTE |
| Target audience note |
MPAA rating: PG-13; for sequences of intense action, and some suggestive content. |
| 538 ## - SYSTEM DETAILS NOTE |
| System details note |
Dolby Digital 5.1,- English, Thai, Subtitles in English,Chinese, Bahasa,Thai, Malay, Korean |
| 538 ## - SYSTEM DETAILS NOTE |
| System details note |
Aspect Ratio 2:35:1, Presentation Type: Wide Screen, Presentation Size: 16x9, DVD 9 Dual Layer Single Sided Disc Layer Transition May Trigger a Slight Pause |
| 546 ## - LANGUAGE NOTE |
| Language note |
Closed-captioned for the hearing impaired. |
| 600 ## - SUBJECT ADDED ENTRY--PERSONAL NAME |
| Source of heading or term |
Sarsgaard, Peter |
| 600 ## - SUBJECT ADDED ENTRY--PERSONAL NAME |
| Source of heading or term |
Christensen, Erika |
| 600 ## - SUBJECT ADDED ENTRY--PERSONAL NAME |
| Source of heading or term |
Bean, Sean |
| 600 ## - SUBJECT ADDED ENTRY--PERSONAL NAME |
| Source of heading or term |
Horner, James |
| 655 ## - INDEX TERM--GENRE/FORM |
| Genre/form data or focus term |
Described verbally for the visually impaired. |
| 700 ## - ADDED ENTRY--PERSONAL NAME |
| Personal name |
. |
| 710 ## - ADDED ENTRY--CORPORATE NAME |
| Corporate name or jurisdiction name as entry element |
Twentieth Century Fox Home Entertainment, Inc. |
| 710 ## - ADDED ENTRY--CORPORATE NAME |
| Corporate name or jurisdiction name as entry element |
DVS Home Video (Firm) |
| 942 ## - ADDED ENTRY ELEMENTS (KOHA) |
| Koha item type |
CD-ROMs, DVDs, VHS |
| Source of classification or shelving scheme |
Dewey Decimal Classification |
| Classification part |
DVD |
| Call number suffix |
FLIG |